[Event "3rd Stage Russian Cup"]
[Site "Tomsk RUS"]
[Date "2002.07.13"]
[Round "6"]
[White "Tiumentsev,A"]
[Black "Monastyrev,S"]
[Result "0-1"]
[WhiteElo "2282"]
[BlackElo "2191"]

1.d4 Nf6 2.Bg5 e6 3.Nd2 d5 4.e3 Be7 5.Ngf3 Nbd7 6.Bd3 c6 7.Ne5 Qc7 8.f4 b6
9.Qf3 Bb7 10.c3 a5 11.O-O h6 12.Bh4 Rf8 13.Bg3 Nxe5 14.fxe5 Nd7 15.Qg4 g5
16.Qh5 O-O-O 17.Rxf7 Rxf7 18.Qxf7 Nf8 19.Rf1 c5 20.Qh5 Bc6 21.Qxh6 b5 22.Qh5 Be8
23.Qe2 c4 24.Bc2 b4 25.e4 Bg6 26.Bb1 Qd7 27.exd5 exd5 28.Bxg6 Nxg6 29.cxb4 axb4
30.a3 Qa7 31.Qg4+ Rd7 32.axb4 Nf4 33.Nf3 Ne2+ 34.Kh1 Nxg3+ 35.Qxg3 Qb6 36.Nxg5 Qxd4
37.Ne6 Qxb2 38.Qg8+ Bd8 39.Nc5 Qe2 40.Ra1 Qxe5 41.Ra8+ Kc7 42.h3 Qe1+ 43.Kh2 Qe5+
44.Qg3 Qxg3+ 45.Kxg3 Rg7+ 46.Kf3 Rf7+ 47.Ke3 Bg5+ 48.Kd4 Rf5 49.Ra7+ Kc8
50.Ra6 Bf6+ 51.Ke3 Bc3 52.Rc6+ Kb8 53.g4 Rf1 54.Nd3 Rh1 55.Nf4 Re1+ 56.Kf2 Re5
57.Kf3 Kb7 58.Rc5 Bd4 59.Rxd5 Re3+ 60.Kg2 Be5 61.Ne6 Bb2 62.Rd2 c3 63.Nc5+ Kc6
64.Rc2 Kb5 65.Kf2 Rxh3 66.Ke2 Kxb4 67.Nd3+ Kb3 68.Nf2 Rh2 69.Kd3 Rg2 70.Re2 Bc1
71.Ne4 Rxg4 72.Nxc3 Rg3+  0-1

[Event "XX Open"]
[Site "Andorra la Vella AND"]
[Date "2002.07.14"]
[Round "9"]
[White "Navarro Cia,M"]
[Black "Vehi Bach,V"]
[Result "1-0"]
[WhiteElo "2305"]
[BlackElo "2460"]

1.d4 Nf6 2.Bg5 e6 3.e4 c5 4.d5 Qb6 5.Nc3 Qxb2 6.Bd2 Qb6 7.f4 exd5 8.e5 d4
9.exf6 dxc3 10.Bxc3 Qe6+ 11.Kf2 gxf6 12.Qh5 Be7 13.Re1 Qb6 14.Bc4 d5 15.Qxd5 Be6
16.Qe4 Qc6 17.Qe2 Qd6 18.Bxe6 fxe6 19.Qh5+ Kf8 20.Qh6+ Kf7 21.Nf3 Nc6 22.Ng5+ Ke8
23.Nxe6 Nd4 24.Qh5+ Kd7 25.Bxd4 cxd4 26.Qf5 Kc8 27.Ng5+ Kc7 28.Nf7 Qc5 29.Qxc5+ Bxc5
30.Nxh8 Rxh8 31.Kf3 Rd8 32.Rd1 Rd6 33.Rd3 Ra6 34.c3 Rxa2 35.cxd4 Bd6 36.Rc1+ Kd7
37.Rb1 b6 38.h4 f5 39.Rb5 Kc6 40.Rxf5 a5 41.Rc3+ Kb7 42.Rf7+ Ka6 43.Rc6 Ba3
44.Rff6 Rb2 45.d5 Be7 46.Rf7 Bb4 47.d6 a4 48.d7  1-0

[Event "EuJun"]
[Site "Baku AZE"]
[Date "2002.07.14"]
[Round "1"]
[White "Kanep,M"]
[Black "Izoria,Z"]
[Result "1/2-1/2"]
[WhiteElo "2358"]
[BlackElo "2565"]

1.d4 Nf6 2.Bg5 e6 3.e4 h6 4.Bxf6 Qxf6 5.c3 d5 6.e5 Qd8 7.f4 c5 8.a3 Nc6 9.Nf3 Be7
10.b4 cxd4 11.cxd4 Bd7 12.Nbd2 O-O 13.Bd3 f6 14.O-O fxe5 15.fxe5 Be8 16.Nb3 Bh5
17.Bc2 Bg4 18.h3 Bf5 19.Bxf5 Rxf5 20.Qd3 Qd7 21.b5 Nd8 22.a4 b6 23.Rac1 a6
24.bxa6 Qa7 25.Qb5 Rf8 26.Nfd2 Qxa6 27.Qd7 Ra7 28.Rc7 Rxc7 29.Qxc7 Rxf1+
30.Nxf1 Bg5 31.Qd7 Qe2 32.Qe8+ Kh7 33.Qb5 Qd1 34.Kh2 h5 35.g3 h4 36.gxh4 Qc2+
37.Kg1 Bxh4 38.Nbd2 Qg6+ 39.Kh2 Qf5 40.Qe2 Nf7 41.Nf3 Qf4+ 42.Kg2 Nh6 43.Qe3 Qxe3
44.Nxe3 Be7 45.Kg3 Kg6 46.Kf4 Ba3 47.Ng5 Bc1 48.Nxe6 Nf5 49.Nf8+ Kf7 50.Kxf5 Bxe3
51.Ng6 Bxd4 52.e6+ Ke8 53.Nf4 Ke7 54.Nxd5+ Kd6 55.e7 Kd7 56.Kg6 Ke8 57.h4 Bf2
58.h5 Bd4 59.Kf5 Kf7 60.Ke4 Bc5 61.Kd3 Bxe7 62.Nxb6 Bb4 63.Kc4 Bd2 64.Nd5 g6
65.hxg6+ Kxg6 66.Nb4 Kf7 67.a5 Ke6 68.a6 Be3 69.Nc2 Ba7 70.Kb5 Kd7 71.Nb4 Kc7
72.Nd5+ Kb8 73.Nc7 Kxc7  1/2-1/2

[Event "Dutch Open"]
[Site "Dieren NED"]
[Date "2002.07.16"]
[Round "7"]
[White "Algera,S"]
[Black "Geirnaert,S"]
[Result "1-0"]
[WhiteElo "2057"]
[BlackElo "2160"]

1.d4 Nf6 2.Bg5 e6 3.e4 h6 4.Bxf6 Qxf6 5.Nc3 Bb4 6.Qd2 Nc6 7.e5 Qe7 8.a3 Ba5
9.f4 d6 10.Nf3 dxe5 11.fxe5 Bd7 12.Bd3 Nxd4 13.Nxd4 Qh4+ 14.Qf2 Qxf2+ 15.Kxf2 Bb6
16.Ke3 c5 17.Ndb5 c4+ 18.Kd2 cxd3 19.Nd6+ Ke7 20.cxd3 Bd4 21.Rhe1 f6 22.Nc4 Bc6
23.exf6+ gxf6 24.Ne2 Rad8 25.Nf4 Kf7 26.Rxe6 Rhe8 27.Rxe8 Bxe8 28.Ne2 Bc5
29.b4 Bf8 30.Nf4 Bb5 31.Rc1 h5 32.g3 Bh6 33.Rc3 h4 34.Ne3 Rd7 35.Nf5 Bg5
36.Nxh4 Bxh4 37.gxh4 Bc6 38.h5 a6 39.Ke3 f5 40.Rc1 Re7+ 41.Kd4 Kf6 42.Rg1 Rd7+
43.Kc5 Ke5 44.Rf1 Bb5 45.Rf3 Rh7 46.Rf2 Rh6 47.Ng6+ Kf6 48.d4 Rxh5 49.Nf4 Rh7
50.Nd5+ Ke6 51.a4 b6+ 52.Kxb6 Kxd5 53.axb5 Rh6+ 54.Ka5 axb5 55.Kxb5 Kxd4
56.Ka5 Ke4 57.b5 Kd5 58.Rxf5+ Kd6 59.Rf2 Kc7 60.b6+ Kc6 61.Ka6 Rh3 62.Rc2+ Kd7
63.Ra2 Kc8 64.Ka7 Rh7+ 65.Ka8  1-0

[Event "7th Open"]
[Site "Creon FRA"]
[Date "2002.08.03"]
[Round "8"]
[White "Morel,J"]
[Black "Leygue,D"]
[Result "0-1"]
[WhiteElo "2062"]
[BlackElo "2256"]

1.d4 Nf6 2.Bg5 e6 3.e4 c5 4.e5 h6 5.Bxf6 gxf6 6.Nf3 cxd4 7.Qxd4 Nc6 8.Qh4 Be7
9.Qh5 fxe5 10.Nbd2 Qc7 11.c3 d6 12.Ne4 d5 13.Neg5 Bf6 14.Nh3 e4 15.Nd2 e5
16.Be2 Be6 17.Bg4 Qd7 18.Bxe6 Qxe6 19.O-O-O O-O-O 20.Qe2 Bg7 21.Qb5 a6 22.Qb6 Rd6
23.Nb3 Nd4 24.Qa7 Nxb3+ 25.axb3 Rc6 26.Rhe1 Kc7 27.f4 d4 28.Kb1 Qxb3 29.Rc1 d3
30.Qf2 f5 31.g4 Rc4 32.gxf5 Ra4 33.Qc5+ Kb8 34.Qd6+ Ka8 35.Qe6 Qxe6 36.fxe6 d2
37.Red1 dxc1=Q+ 38.Kxc1 Ra1+  0-1

[Event "II UPI"]
[Site "Mancha Real ESP"]
[Date "2002.08.04"]
[Round "3"]
[White "Saldano,H"]
[Black "Gutierrez Castillo,O"]
[Result "1-0"]
[WhiteElo "2414"]
[BlackElo "2196"]

1.d4 Nf6 2.Bg5 e6 3.e3 d5 4.Nd2 Be7 5.Bd3 Nbd7 6.f4 c5 7.c3 b6 8.Nh3 Bb7
9.Qf3 h6 10.Bxf6 Bxf6 11.O-O Qc7 12.a4 a6 13.Nf2 c4 14.Be2 Nf8 15.Ng4 Be7
16.Ne5 f6 17.Qh5+ g6 18.Nxg6 Nxg6 19.Qxg6+ Kd7 20.f5 e5 21.Nf3 e4 22.Ne5+ fxe5
23.f6 Bd6 24.Bg4+ Kc6 25.f7 exd4 26.cxd4 Qe7 27.Rf6 Bc8 28.Raf1 Bxg4 29.Rxd6+ Qxd6
30.Rf6 Qxf6 31.Qxf6+ Kc7 32.Qf4+ Kd7 33.Qxg4+ Ke7 34.Qg7 Rhf8 35.Qe5+ Kxf7
36.Qxd5+ Kg7 37.Qxe4 Rae8 38.Qb7+ Rf7 39.Qxb6 Rxe3 40.h4 Re1+ 41.Kh2 Re4
42.g3 Re2+ 43.Kh3 Rff2 44.h5 Rxb2 45.Qg6+ Kf8 46.Qxh6+ Ke7 47.d5 c3 48.Qg7+ Kd6
49.Qxc3 Kxd5 50.Qa5+ Ke4 51.Qxa6 Kf5 52.Qg6+ Ke5 53.a5 Ra2 54.a6 Rh2+ 55.Kg4 Ra4+
56.Kg5 Rha2 57.h6 Rxa6 58.Qf5+ Kd4 59.h7  1-0

[Event "6th Open"]
[Site "Genova ITA"]
[Date "2002.08.05"]
[Round "3"]
[White "Mola,P"]
[Black "Isonzo,D"]
[Result "0-1"]
[WhiteElo "2277"]
[BlackElo "2337"]

1.d4 Nf6 2.Bg5 e6 3.e4 h6 4.Bxf6 Qxf6 5.c3 b6 6.e5 Qd8 7.Nf3 Bb7 8.Bd3 d6
9.exd6 cxd6 10.Nbd2 Be7 11.Qe2 Nd7 12.O-O-O O-O 13.Rhg1 Re8 14.g4 e5 15.g5 hxg5
16.h4 exd4 17.Nxd4 Ne5 18.Bb5 Rf8 19.Ne4 g4 20.Nf5 Bxe4 21.Qxe4 g6 22.Rxg4 Nxg4
23.Qxg4 Rc8 24.Rg1 Bf6 25.h5 g5 26.Bd3 Qc7 27.Qf4 Kh8 28.Qd2 d5 29.Kb1 Qf4
30.Qd1 Rfe8 31.Rf1 d4 32.cxd4 Rcd8 33.Bc2 Bxd4 34.Qd3 Bxb2 35.Nd6 f5 36.Nf7+ Kg7
37.Nxd8 Bf6 38.h6+ Kg6 39.Nc6 Rc8  0-1

[Event "Valoz Cup"]
[Site "Olomouc CZE"]
[Date "2002.08.07"]
[Round "8"]
[White "Gunnarsson,Arn"]
[Black "Reutsky,S"]
[Result "0-1"]
[WhiteElo "2282"]
[BlackElo "2220"]

1.d4 Nf6 2.Bg5 e6 3.e4 Be7 4.Bd3 h6 5.Bxf6 Bxf6 6.e5 Be7 7.Qg4 O-O 8.Qe4 g6
9.h4 d5 10.Qg4 h5 11.Qf4 Kg7 12.Nf3 c5 13.g4 Rh8 14.Nbd2 Nc6 15.dxc5 hxg4
16.h5 Rxh5 17.Rxh5 gxh5 18.O-O-O f5 19.exf6+ Bxf6 20.c4 e5 21.Qe3 gxf3 22.cxd5 Qxd5
23.Ne4 Qf7 24.Nd6 Qe7 25.Bf5 Nd4 26.Bxc8 Rxc8 27.Rg1+ Kf8 28.Nxc8 Qxc5+ 29.Kb1 Qc2+
30.Ka1 Qxc8 31.Qh6+ Ke7 32.Qh7+ Ke6 33.Qxh5 Qc2 34.Qg4+ Qf5 35.Qg8+ Ke7 36.a3  0-1

[Event "Inline Czechia Cup"]
[Site "Olomouc CZE"]
[Date "2002.08.07"]
[Round "8"]
[White "Dresen,U"]
[Black "Bernasek,J"]
[Result "1/2-1/2"]
[WhiteElo "2259"]
[BlackElo "2289"]

1.d4 Nf6 2.Bg5 e6 3.e3 c5 4.c3 b6 5.Nd2 Bb7 6.Ngf3 Be7 7.Bd3 d6 8.a4 Nbd7
9.O-O O-O 10.Qb1 Qc7 11.Bxh7+ Nxh7 12.Bxe7 Rfe8 13.Ng5 Nxg5 14.Bxg5 e5 15.dxe5 dxe5
16.e4 Nf8 17.Rd1 Ne6 18.Be3 Rad8 19.Qc2 Rd7 20.Nc4 Red8 21.f3 Ba6 22.b3 Rxd1+
23.Rxd1 Rxd1+ 24.Qxd1 Bxc4 25.bxc4 Qb7 26.Kf2 Qa6 27.Qb3 Nc7 28.Bxc5 bxc5
29.Qb8+ Kh7 30.Qxc7 f6 31.Qxc5 Qxa4 32.Kg3 a5 33.Qd5 Qa1 34.c5 Qxc3 35.c6 a4
36.Qd7 a3 37.c7 a2 38.Qf5+ Kh6 39.c8=Q Qxc8 40.Qxc8 a1=Q 41.Kg4 Kh7 42.h4 Qa2
43.g3 Qd2 44.Qf5+ Kh8 45.Qe6 Kh7 46.Qf7 Qc1 47.Qe8 Qe3 48.Qh5+ Kg8 49.Kf5 Qb3
50.Qe8+ Kh7 51.Qg6+ Kg8 52.Kg4 Qe6+ 53.Qf5 Qd6 54.h5 Qd2 55.Qg6 Qd7+ 56.Kh4 Qd2
57.Kh3 Qd7+ 58.Qg4 Qd1 59.Qc8+ Kh7 60.Kg4 Qd2 61.Qf5+ Kg8 62.Kh3 Qd1 63.Kh4 Qe2
64.Qc8+ Kh7 65.Qc3 Qh2+ 66.Kg4 g6 67.Qc7+ Kh6 68.Qc1+ Kh7 69.Qc7+ Kh6 70.Qc1+  1/2-1/2

[Event "FSFM August"]
[Site "Budapest HUN"]
[Date "2002.08.08"]
[Round "6"]
[White "Hoang,T"]
[Black "Adam,O"]
[Result "1-0"]
[WhiteElo "2099"]
[BlackElo "2147"]

1.d4 Nf6 2.Bg5 e6 3.Nd2 Be7 4.Ngf3 O-O 5.e3 c5 6.Be2 d6 7.O-O Nbd7 8.c3 b6
9.c4 Bb7 10.Re1 Qc7 11.Bd3 d5 12.Rc1 Qd6 13.Bf4 Qc6 14.h3 Rfd8 15.b3 dxc4
16.Nxc4 Rac8 17.Nce5 Nxe5 18.Bxe5 Nd7 19.Bg3 Bd6 20.Bxd6 Qxd6 21.dxc5 Nxc5
22.Bc4 Qe7 23.Qe2 Bxf3 24.Qxf3 Rd2 25.Red1 Rcd8 26.Rxd2 Rxd2 27.Rd1 Rxd1+
28.Qxd1 Qd7 29.Qxd7 Nxd7 30.Kf1 Kf8 31.Ke2 Ke7 32.Kd3 Kd6 33.f4 Kc5 34.a3 a5
35.Kc3 Nf6 36.b4+ axb4+ 37.axb4+ Kc6 38.Kd4 Nd5 39.b5+ Kd6 40.g4 f6 41.h4 e5+
42.fxe5+ fxe5+ 43.Ke4 Nc3+ 44.Kf5 g6+ 45.Kg5 Nd5 46.e4 Nf4 47.Bg8 h5 48.gxh5 gxh5
49.Bf7 Kc5 50.Bxh5 Nxh5 51.Kxh5 Kxb5 52.Kg5 Kc4 53.h5 b5 54.h6 b4 55.h7 Kc3
56.h8=Q Kc2 57.Qc8+ Kb2 58.Qb8 b3 59.Qxe5+ Kc2 60.Qb8 b2 61.Qxb2+  1-0

[Event "V Open"]
[Site "Banyoles ESP"]
[Date "2002.08.10"]
[Round "8"]
[White "Schalow,D"]
[Black "Vilar Lopez,M"]
[Result "1/2-1/2"]
[WhiteElo "2136"]
[BlackElo "2152"]

1.d4 Nf6 2.Bg5 e6 3.e3 d5 4.Nf3 Nbd7 5.Bd3 Be7 6.Nbd2 c5 7.c3 O-O 8.O-O b6
9.h3 Bb7 10.Nh2 e5 11.dxe5 Nxe5 12.Be2 Ne4 13.Bxe7 Qxe7 14.Ndf3 Ng6 15.Re1 Rad8
16.Qc2 f5 17.Rad1 Qf6 18.g3 Kh8 19.Bf1 Rd7 20.a4 a6 21.Bg2 Rfd8 22.Nf1 Nf8
23.N1d2 Ne6 24.Nb3 g5 25.Nh2 d4 26.exd4 cxd4 27.Nxd4 Nxd4 28.cxd4 Rc8 29.Qe2 Rxd4
30.Rxd4 Qxd4 31.g4 Re8 32.gxf5 Bc6 33.Qc2 Nc5 34.Rxe8+ Bxe8 35.Nf3 Qf6  1/2-1/2

[Event "FSGM August"]
[Site "Budapest HUN"]
[Date "2002.08.13"]
[Round "11"]
[White "Hoang Thanh Trang"]
[Black "Flumbort,A"]
[Result "1/2-1/2"]
[WhiteElo "2429"]
[BlackElo "2437"]

1.d4 Nf6 2.Bg5 e6 3.Nd2 Be7 4.e4 d5 5.e5 Nfd7 6.Bxe7 Qxe7 7.c3 c5 8.Ndf3 Nc6
9.Qd2 O-O 10.Bd3 f6 11.exf6 Nxf6 12.Ne2 e5 13.dxe5 Nxe5 14.Nxe5 Qxe5 15.O-O Bd7  1/2-1/2

[Event "Juventus"]
[Site "Bucharest ROM"]
[Date "2002.08.14"]
[Round "9"]
[White "Grigore,Ge"]
[Black "Grigore,N"]
[Result "1/2-1/2"]
[WhiteElo "2486"]
[BlackElo "2380"]

1.d4 Nf6 2.Bg5 e6 3.e4 d5 4.e5 h6 5.Be3 Nfd7 6.f4 c5 7.c3 Nc6 8.Nf3 Qb6 9.Qc1 g5
10.Qd2 g4 11.Ng1 f5 12.h3 gxh3 13.Rxh3 cxd4 14.cxd4 Qb4 15.Nc3 a6 16.a3 Qa5
17.Rc1 Nb6 18.Bf2 Bd7 19.Bh4 Nd8 20.Be2 Nf7 21.b4 Qxa3 22.Ne4 Qxc1+ 23.Qxc1 dxe4
24.Qc7 Nd5 25.Qxb7 Rc8 26.Bh5 Bxb4+ 27.Kf2 Rc7 28.Qb8+ Rc8 29.Qb7 Rc7 30.Qb8+ Rc8  1/2-1/2

[Event "Juventus"]
[Site "Bucharest ROM"]
[Date "2002.08.16"]
[Round "11"]
[White "Grigore,Ge"]
[Black "Osman,M"]
[Result "1-0"]
[WhiteElo "2486"]
[BlackElo "2083"]

1.d4 Nf6 2.Bg5 e6 3.e4 h6 4.Bxf6 Qxf6 5.Nc3 d6 6.Qd2 e5 7.Nd5 Qd8 8.Nf3 c6
9.Ne3 Qc7 10.O-O-O Be7 11.dxe5 dxe5 12.Qc3 Be6 13.Bc4 O-O 14.Bxe6 fxe6 15.Qb3 Bf6
16.Qxe6+ Qf7 17.Qxf7+ Rxf7 18.Ng4 Nd7 19.Rd2 Re8 20.Nxf6+ Nxf6 21.Re2 Nh5
22.Ne1 Nf4 23.Rd2 g5 24.f3 Ng6 25.c3 g4 26.fxg4 Rf4 27.Re2 Rxg4 28.g3 Rf8
29.Nd3 h5 30.Re3 h4 31.Kd2 b6 32.Ke2 hxg3 33.hxg3 Rg5 34.Nb4 Rf6 35.Rf3 Rd6
36.Rd1 Rxd1 37.Kxd1 Ne7 38.Ke2 Rh5 39.Rf2 Kg7 40.Kf3 Rh1 41.Rd2 a5 42.Nd3 Ng6
43.Nf2 Rb1 44.Rd7+ Kf8 45.Rd6 Ne7 46.Nd3 b5 47.Rd8+ Kg7 48.Kg4 a4 49.a3 c5
50.Rd7 Kf8 51.Kg5 c4 52.Nxe5 Rxb2 53.Kf6 Rf2+ 54.Ke6 Ng8 55.Ng6+ Ke8 56.e5 Nh6
57.Rb7 Kd8 58.Rxb5 Rf3 59.Rc5 Nf7 60.Rxc4 Ng5+ 61.Kd5 Rxg3 62.Nf4 Nf7 63.Rxa4 Rxc3
64.Ra8+ Ke7 65.Ng6+  1-0

[Event "ch-FRA w"]
[Site "Val d'Isere FRA"]
[Date "2002.08.19"]
[Round "1"]
[White "Verot,M"]
[Black "Milliet,S"]
[Result "0-1"]
[WhiteElo "2077"]
[BlackElo "2173"]

1.d4 Nf6 2.Bg5 e6 3.Nc3 d5 4.Qd3 Be7 5.f3 b6 6.O-O-O Ba6 7.Qd2 c5 8.e4 Bxf1
9.Rxf1 dxe4 10.dxc5 Qxd2+ 11.Kxd2 exf3 12.Rxf3 bxc5 13.Bxf6 Bxf6 14.Ne4 Be7
15.Nh3 Nd7 16.Rhf1 O-O 17.Nf4 f5 18.Nc3 Bg5 19.Ke2 Bxf4 20.Rxf4 g6 21.Rd1 Nb6
22.Rf3 Rfd8 23.Rfd3 Rxd3 24.Rxd3 Kf7 25.b3 Ke7 26.Rh3 h5 27.a4 Rd8 28.Nb5 Rd7
29.Rc3 a6 30.Na3 Rd5 31.a5 Nd7 32.Nc4 Nb8 33.Ne3 Re5 34.Kf2 Nc6 35.Nc4 Re4
36.Ne3 f4 37.Nc4 Nd4 38.Kf1 Nf5 39.Kf2 Nd4 40.Kf1 Nb5 41.Rd3 Rd4 42.Ke2 Kf6
43.Nb6 Kf5 44.c4 Rxd3 45.Kxd3 Nd6 46.Nd7 Nb7 47.Nb8 Nxa5 48.Nxa6 Nxb3 49.Kc3 Na5
50.Nxc5 e5 51.Kd3 g5 52.h3 Nc6 53.Nb3 e4+ 54.Ke2 Ke5 55.c5 Kd5 56.Ke1 Ne5
57.Ke2 Nd7 58.c6 Kxc6 59.Nd4+ Kd5 60.Nf5 Ke5 61.g4 hxg4 62.hxg4 Nf6 63.Nh6 f3+
64.Ke3 Nd5+ 65.Kf2 Kf4  0-1

[Event "Ciuc Premium A1"]
[Site "Miercurea Ciuc ROM"]
[Date "2002.08.24"]
[Round "8"]
[White "Wilhelm,S"]
[Black "Stuermer,M"]
[Result "1-0"]
[WhiteElo "2171"]
[BlackElo "2052"]

1.d4 Nf6 2.Bg5 e6 3.e4 d6 4.Nd2 Be7 5.Ngf3 Nbd7 6.Bd3 b6 7.Qe2 O-O 8.e5 Nd5
9.Qe4 g6 10.h4 dxe5 11.Bxe7 Qxe7 12.Nxe5 Nxe5 13.Qxe5 Qf6 14.h5 Bd7 15.Qh2 g5
16.c3 h6 17.O-O-O Rad8 18.g3 Qe7 19.f4 Nxc3 20.bxc3 Qa3+ 21.Kb1 Qxc3 22.Nb3 Ba4
23.Qb2 Qb4 24.Qd2 Qe7 25.Bc2 c5 26.Qd3 f5 27.Qc4 Bc6 28.dxc5 Bxh1 29.Rxh1 Rc8
30.Re1 Rf6 31.c6 Kh8 32.Nd4 Qc5 33.Bb3 Qxc4 34.Bxc4 a6 35.Rxe6 Rxe6 36.Bxe6  1-0

[Event "ch-FRA w"]
[Site "Val d'Isere FRA"]
[Date "2002.08.30"]
[Round "11"]
[White "Verot,M"]
[Black "Muller,A"]
[Result "0-1"]
[WhiteElo "2077"]
[BlackElo "2169"]

1.d4 Nf6 2.Bg5 e6 3.e4 h6 4.Bxf6 Qxf6 5.Nc3 d6 6.Qd2 a6 7.f4 g5 8.Nh3 gxf4
9.Nxf4 Nc6 10.d5 Ne5 11.Be2 Bd7 12.O-O-O O-O-O 13.Rdf1 Qe7 14.Qd4 Kb8 15.Qb4 Ka8
16.Qa5 Bc8 17.dxe6 fxe6 18.Nb5 Kb8 19.Nd4 Rg8 20.Nf3 Bg7 21.Qb4 Ka8 22.Qb3 Nxf3
23.Rxf3 d5 24.Bd3 Qd6 25.Re1 dxe4 26.Rxe4 e5 27.Nh5 Be6 28.Qa4 Bd5 29.Nxg7 Rxg7
30.Rg4 Rxg4 31.Qxg4 e4  0-1

[Event "GER-GRE Match"]
[Site "Fuerth GER"]
[Date "2002.09.03"]
[Round "4"]
[White "Miladinovic,I"]
[Black "Graf,A"]
[Result "1/2-1/2"]
[WhiteElo "2501"]
[BlackElo "2624"]

1.d4 Nf6 2.Bg5 e6 3.e3 c5 4.c3 d5 5.Nd2 Be7 6.Bd3 Nbd7 7.f4 h6 8.Bh4 Qc7
9.Ngf3 c4 10.Bc2 b5 11.O-O Bb7 12.Ne5 Bd6 13.Qf3 Rf8 14.Qg3 g5 15.fxg5 Nxe5
16.dxe5 Bxe5 17.Qh3 hxg5 18.Bxg5 Ne4 19.Nxe4 dxe4 20.Bd1 f5 21.a4 Rh8 22.Bh5+ Kd7
23.Bf4 Kc6 24.axb5+ Kxb5 25.b3  1/2-1/2

[Event "TCh-CRO"]
[Site "Medulin CRO"]
[Date "2002.09.15"]
[Round "7"]
[White "Kovacevic,B"]
[Black "Kozul,Z"]
[Result "0-1"]
[WhiteElo "2458"]
[BlackElo "2588"]

1.d4 Nf6 2.Bg5 e6 3.e3 h6 4.Bh4 b6 5.Nf3 Bb7 6.Bd3 g5 7.Bg3 g4 8.Ne5 h5 9.O-O d6
10.Nc4 h4 11.Bf4 Rg8 12.Qd2 Nc6 13.Nc3 Qe7 14.Nb5 e5 15.dxe5 dxe5 16.Nxe5 Nxe5
17.Qc3 Nd5 18.Qxe5 Nxf4 19.Qxf4 O-O-O 20.Nxa7+ Kb8 21.Qa4 Rd6 22.Nb5 Rxd3
23.cxd3 g3 24.hxg3 hxg3 25.Qf4 Qd7 26.Rac1 Bc5 27.d4 Qxb5 28.dxc5 Qxb2 29.Rce1 gxf2+
30.Rxf2 Rxg2+ 31.Kf1 Qg7 32.Ke2 Qb2+ 33.Kf1 Qb5+ 34.Ree2 Qb1+ 35.Re1 Qd3+
36.Ree2 Rg8 37.cxb6 Qb1+ 38.Re1 Qb5+ 39.Ree2 Qb1+ 40.Re1 Qxb6 41.Rc2 Qb5+
42.Rc4 Ba6 43.Qxc7+ Ka8 44.Qxf7 Rc8 45.Rc1 Qc5 46.Qf3+ Ka7 47.Qf7+ Rc7 48.Qf4 Bxc4+
49.Kf2 Ka6 50.Rc3 Rc8 51.Qd4 Qb4 52.Ke1 Rc6 53.a3 Qb1+ 54.Qd1 Qe4 55.Qd4 Qh1+
56.Kd2 Qf1 57.Kc2 Qe2+ 58.Kc1 Qa2 59.Rc2 Qxa3+ 60.Kd2 Rd6 61.Rxc4 Rxd4+ 62.Rxd4 Kb6
63.Ke2 Kc5  0-1

[Event "ECC"]
[Site "Halkidiki GRE"]
[Date "2002.09.23"]
[Round "2"]
[White "Lindberg,Bo"]
[Black "Guner,B"]
[Result "0-1"]
[WhiteElo "2284"]
[BlackElo "2142"]

1.d4 Nf6 2.Bg5 e6 3.e4 h6 4.Bxf6 Qxf6 5.c3 d6 6.Bd3 Nc6 7.Ne2 e5 8.Na3 a6
9.Nc2 g6 10.O-O Bg7 11.f4 exd4 12.cxd4 Bg4 13.e5 dxe5 14.dxe5 Qe7 15.h3 Be6
16.Nc3 O-O-O 17.Qf3 Qc5+ 18.Kh1 Bc4 19.b4 Nxb4 20.Ne4 Rxd3 21.Qg4+ Be6 22.Nxc5 Bxg4
23.Nxb4 Rd4 24.hxg4 Rxb4 25.Rab1 Rxb1 26.Rxb1 b6 27.Nxa6 Rd8 28.Kh2 Bf8 29.Kg3 Rd4
30.Rb3 Ra4 31.Nxc7 Kxc7 32.Rc3+ Bc5 33.Rc2 Kc6 34.f5 Re4 35.e6 fxe6 36.fxg6 Re5
37.Re2 Bd6 38.Kf3 Rg5 39.Rxe6 b5 40.g7 Rxg7 41.Rxh6 Rf7+ 42.Ke2 Ra7 43.g5 Rxa2+
44.Kf3 Ra3+ 45.Ke4 Rg3 46.Kf5 Rxg2 47.g6 Kd5 48.Rh7 b4 49.Rb7 Rf2+ 50.Kg4 Kc6
51.Rh7 b3 52.Rh1 Be5 53.Rh3 b2  0-1

[Event "ECC"]
[Site "Halkidiki GRE"]
[Date "2002.09.24"]
[Round "3"]
[White "Karttunen,M"]
[Black "Storland,K"]
[Result "1-0"]
[WhiteElo "2434"]
[BlackElo "2273"]

1.d4 Nf6 2.Bg5 e6 3.e4 h6 4.Bxf6 Qxf6 5.c3 b6 6.Bd3 Bb7 7.Ne2 h5 8.Nd2 d6
9.O-O g5 10.Qa4+ Ke7 11.e5 dxe5 12.Be4 Bxe4 13.Nxe4 Qg7 14.Qc4 c6 15.f3 f5
16.Nd2 g4 17.dxe5 c5 18.f4 Kf7 19.Rfd1 Be7 20.Qb5 Rd8 21.Nc4 Qf8 22.Qa4 Qe8
23.Nxb6 Qxa4 24.Nxa4 Nc6 25.b3 Rd5 26.Rxd5 exd5 27.Ng3 Kg6 28.Rd1 Rd8 29.Nf1 Kf7
30.Ne3 Ke6 31.c4 d4 32.Nd5 Rxd5 33.cxd5+ Kxd5 34.Nb2 h4 35.Kf2 Nb4 36.a3 Nc6
37.Nc4 Bf8 38.g3 h3 39.Ke2 Nd8 40.Rc1 Nc6 41.Kd3 Be7 42.Nd2 Na5 43.Rb1 Nc6
44.Nc4 Bf8 45.Nd6 Bxd6 46.exd6 Kxd6 47.b4 a5 48.b5 Nb8 49.Kc4 Nd7 50.b6 Kc6
51.b7 Kc7 52.b8=Q+ Nxb8 53.Kxc5  1-0

[Event "ECC"]
[Site "Halkidiki GRE"]
[Date "2002.09.24"]
[Round "3"]
[White "Mehmeti,D"]
[Black "Macieja,B"]
[Result "0-1"]
[WhiteElo "2302"]
[BlackElo "2607"]

1.d4 Nf6 2.Bg5 e6 3.e4 h6 4.Bxf6 Qxf6 5.Nc3 d6 6.Qd2 g5 7.Bc4 Bg7 8.Nge2 Nc6
9.Rd1 g4 10.O-O Qg5 11.f4 gxf3 12.Rxf3 Qxd2 13.Rxd2 a6 14.Nd1 b5 15.Bb3 h5
16.Ne3 Na5 17.c3 Nxb3 18.axb3 Bd7 19.Rd1 Bh6 20.Rdf1 Rh7 21.Nc2 Bc6 22.Rf4 Bxf4
23.Rxf4 Ke7 24.Ne3 a5 25.d5 Bd7 26.Rf1 a4 27.Ra1 c6 28.Nd4 cxd5 29.exd5 h4
30.c4 bxc4 31.bxc4 Rb8 32.Nc6+ Bxc6 33.dxc6 Rb4 34.c5 Rh8 35.Re1 Re4 36.Rd1 d5
37.Kf2 Rc8 38.b4 axb3 39.Rb1 Rxc6  0-1

[Event "ECC"]
[Site "Halkidiki GRE"]
[Date "2002.09.26"]
[Round "5"]
[White "Karttunen,M"]
[Black "Relange,E"]
[Result "0-1"]
[WhiteElo "2434"]
[BlackElo "2494"]

1.d4 Nf6 2.Bg5 e6 3.e4 h6 4.Bxf6 Qxf6 5.c3 d6 6.Bd3 Qg5 7.g3 e5 8.Nd2 g6
9.Ne2 Bg7 10.f4 Qe7 11.O-O Bh3 12.Rf2 Nd7 13.Qb3 Rb8 14.Qa3 exd4 15.cxd4 c5
16.e5 O-O 17.Nc4 dxe5 18.dxe5 b5 19.Ne3 Rfd8 20.Qxa7 c4 21.Bc2 Bf8 22.Qd4 Qe6
23.Qe4 Bc5 24.Nc3 Nf6 25.f5 Nxe4 26.fxe6 Nxf2 27.exf7+ Kxf7  0-1

[Event "7th ECCW"]
[Site "Antalya TUR"]
[Date "2002.09.29"]
[Round "1"]
[White "Stefanova,A"]
[Black "Alexandrova,O"]
[Result "1-0"]
[WhiteElo "2497"]
[BlackElo "2406"]

1.d4 Nf6 2.Bg5 e6 3.Nd2 h6 4.Bh4 c5 5.e3 cxd4 6.exd4 Be7 7.c3 b6 8.Qf3 d5
9.Bd3 Ba6 10.Bc2 Nc6 11.Bxf6 Bxf6 12.Qe3 Rc8 13.Nb3 O-O 14.f4 g5 15.Nf3 gxf4
16.Qxf4 Bg5 17.Qg3 Qc7 18.Nxg5 Qxg3+ 19.hxg3 hxg5 20.Kd2 Kg7 21.Rh7+ Kf6
22.Rah1 Rg8 23.a4 Ne7 24.g4 Ng6 25.g3 Nf8 26.R7h5 Nd7 27.Bd1 Ke7 28.Bf3 Nf6
29.Rh6 Bc4 30.Na1 Rc7 31.R1h2 a5 32.Rf2 Ne8 33.b3 Ba6 34.Nc2 Nd6 35.Ne3 Rgc8
36.Nd1 b5 37.Bxd5 exd5 38.Rxd6 Kxd6 39.Rf6+ Ke7 40.Rxa6 bxa4 41.bxa4 Rc6
42.Rxa5 Ke6 43.Rb5 Ra6 44.Ne3 Rxa4 45.Nxd5 Ra2+ 46.Kd3 Rg2 47.Ne3 Rxg3 48.Rxg5 f6
49.Rg7 Kd6 50.Kd2 Rg1 51.c4 Ra8 52.c5+ Kc6 53.Rf7 Ra2+ 54.Kd3 Ra3+ 55.Ke4 Re1
56.Rxf6+ Kd7 57.Rf3 Re2 58.g5  1-0

[Event "EuYCh B18"]
[Site "Peniscola ESP"]
[Date "2002.09.29"]
[Round "1"]
[White "Doric,D"]
[Black "Markos,J"]
[Result "0-1"]
[WhiteElo "2250"]
[BlackElo "2467"]

1.d4 Nf6 2.Bg5 e6 3.e4 h6 4.Bxf6 Qxf6 5.Nf3 d6 6.Nc3 g6 7.Qd2 Bg7 8.O-O-O a6
9.Bd3 Nd7 10.Rhe1 Qe7 11.Ne2 c5 12.c3 b5 13.d5 e5 14.c4 bxc4 15.Bxc4 Nb6
16.Qd3 Nxc4 17.Qxc4 O-O 18.Nd2 Bd7 19.f3 Rfb8 20.Qc2 h5 21.Kb1 Rb4 22.a3 Rb7
23.Nc4 Be8 24.Ka2 Rab8 25.Nc3 Qc7 26.Rb1 Bb5 27.Ne2 Bh6 28.Red1 a5 29.g4 hxg4
30.fxg4 Qd8 31.h3 Bxc4+ 32.Qxc4 Be3 33.Rd3 Bd4 34.Nc3 Qf6 35.Na4 Qf2 36.Qc1 Qe2
37.Rd2 Qxe4 38.Qc4 Qe3 39.Qd3 Rb3 40.Qc2 Qf3 41.Qc4 Qxh3 42.Re1 R3b7 43.Ree2 Qxg4
44.Qa6 Qd7 45.Qc4 Qb5 46.Qc2 Qb3+ 47.Qxb3 Rxb3 48.Rh2 Kg7 49.Rh4 Rf3 50.Rdh2 Rf2
51.Rh7+ Kf6 52.Rxf2+ Bxf2 53.Nc3 Bd4 54.Ne4+ Ke7 55.b3 a4 56.b4  0-1

[Event "2nd Rohde Open"]
[Site "Sautron FRA"]
[Date "2002.10.01"]
[Round "7"]
[White "Batard,D"]
[Black "Marchadour,C"]
[Result "0-1"]
[WhiteElo "2063"]
[BlackElo "2081"]

1.d4 Nf6 2.Bg5 e6 3.Nc3 Be7 4.Bxf6 Bxf6 5.e4 d5 6.e5 Be7 7.Qg4 O-O 8.Nh3 f6
9.f4 Nc6 10.O-O-O Na5 11.Bd3 c5 12.dxc5 Bxc5 13.Qe2 a6 14.g4 b5 15.exf6 Rxf6
16.g5 Rf8 17.Bxh7+ Kxh7 18.Qh5+ Kg8 19.g6 Re8 20.Nxd5 exd5 21.Qh7+ Kf8 22.Qh8+ Ke7
23.Rhe1+ Be6 24.Qxg7+ Kd6 25.Ng5 Bg8 26.Re5 Rxe5 27.Qxe5+ Kc6 28.h4 Qd6 29.Qxd6+ Bxd6
30.f5 Bf4+ 31.Kb1 Bxg5 32.hxg5 Rf8 33.f6 Kd6 34.Re1 Nc6 35.f7 Bxf7 36.gxf7 Rxf7
37.c3 Rg7 38.Rg1 Ne5 39.Rg2 Nf3 40.Kc2 Ne1+  0-1

[Event "11th Monarch Assurance"]
[Site "Port Erin IOM"]
[Date "2002.10.02"]
[Round "5"]
[White "Ward,C"]
[Black "Epishin,V"]
[Result "1/2-1/2"]
[WhiteElo "2498"]
[BlackElo "2643"]

1.d4 Nf6 2.Bg5 e6 3.Nd2 h6 4.Bh4 c5 5.e3 cxd4 6.exd4 Be7 7.Ngf3 Nc6 8.c3 Nh5
9.Bxe7 Qxe7 10.g3 Nf6 11.Bg2 O-O 12.O-O  1/2-1/2

[Event "11th Monarch Assurance"]
[Site "Port Erin IOM"]
[Date "2002.10.05"]
[Round "8"]
[White "Pert,R"]
[Black "Kunte,A"]
[Result "1/2-1/2"]
[WhiteElo "2357"]
[BlackElo "2477"]

1.d4 Nf6 2.Bg5 e6 3.e4 h6 4.Bxf6 Qxf6 5.Nc3 d6 6.Qd2 g5 7.g3 Nc6 8.Nb5 Qe7
9.Bg2 a6 10.Na3 Bg7 11.Ne2 Bd7 12.f3 O-O-O 13.O-O-O h5 14.Kb1 h4 15.f4 g4
16.c3 d5 17.e5 f6 18.exf6 Qxf6 19.Nc2 Na5 20.Ne3 h3 21.Bf1 Nc4 22.Qc1 Bh6
23.Ng1 c5 24.Bxc4 dxc4 25.Ne2 Ba4 26.Rd2 cxd4 27.cxd4 Kb8 28.Qxc4 Bb5 29.Qc2 Rc8
30.Nc3 Bc6 31.d5 exd5 32.Nxg4 Qg7 33.Nxh6 d4 34.Nf5 Qf8 35.Re1 dxc3 36.bxc3 Qc5
37.Ne7 Rc7  1/2-1/2